| 000 | 00741cam a22002055a 4500 | ||
|---|---|---|---|
| 001 | E153135 | ||
| 008 | 110613s2008 xxk f 000 0 eng d | ||
| 035 | _a(Sirsi) u153135 | ||
| 041 | 0 | _aeng | |
| 050 | 0 | 4 | _a725.8 $2 18 |
| 110 | 2 |
_aConstruction Industry Research and Information Association _94810 |
|
| 245 | 0 | 0 |
_aGuidance on designing for crowds _ban integrated approach |
| 260 |
_aLondon _bCIRIA _c2008 |
||
| 300 |
_a45p. _bill. _c15cm. |
||
| 490 | 0 |
_aCIRIA _v(C675) |
|
| 520 | _aHighlights good practice in designing for crowds, in order to minimise the chances of accidents and problems. Emphasises the need for an integrated approach. | ||
| 651 | 4 |
_aUnited Kingdom _y |
|
| 690 | _aBUILT ENVIRONMENT-BUILDING ELEMENTS | ||
| 942 | _n0 | ||
| 999 |
_c112390 _d112390 |
||